Povinnosti zamestnávateľa v oblasti mzdového účtovníctva pri uzatváraní roku 2018 a prechode na rok 2019

Tvorba rezerv súvisiacich so mzdovými nákladmi.

Na minha lista:
Detalhes bibliográficos
Autor principal: Gášpárová, Eva
Formato: Capítulo de Livro
Idioma:eslovaco
Assuntos:
Tags: Adicionar Tag
Sem tags, seja o primeiro a adicionar uma tag!

MARC

LEADER 00000naa a2200000 4500
001 0249831
005 20190107141724.8
041 0 |a slo 
044 |a SK 
245 1 0 |a Povinnosti zamestnávateľa v oblasti mzdového účtovníctva pri uzatváraní roku 2018 a prechode na rok 2019  |c Eva Gášpárová 
520 |a Tvorba rezerv súvisiacich so mzdovými nákladmi. 
610 2 0 |a účtovníctvo podvojné 
610 2 0 |a náklady mzdové 
610 2 0 |a zamestnávatelia 
610 2 0 |a zamestnanci 
610 2 0 |a odvody 
610 2 0 |a rezervy 
610 2 0 |a účtovníctvo mzdové 
100 1 |a Gášpárová, Eva